| 000 | 01440nam1a22003611i 4500 | ||
|---|---|---|---|
| 001 | RU\INFOCOMM_327\NLR\5000007195 | ||
| 005 | 20240724150822.0 | ||
| 035 | _a(NLR Aleph) 009463560 | ||
| 090 |
_a8481852 _c8481852 |
||
| 100 | _a20121206d1965 |||y0rusy50 ba | ||
| 101 | 1 |
_afre _crus |
|
| 102 | _aRU | ||
| 105 | _ay z ||||| | ||
| 200 | 1 |
_aRéparation des camions ЗИЛ _fN. Kislenko, I. Ziabkine, V. Zablotski |
|
| 210 |
_aM. _c"École supérieure" _d[1965] |
||
| 215 |
_a2 т. _d22 см |
||
| 300 | _aНа доп. тит. л. авт. и загл. на рус. яз.: Н.Т. Кисленко, И. В. Зябкин, В. Т. Заболоцкий. Ремонт грузовых автомобилей ЗИЛ | ||
| 300 | _aОписано по т. 2. Авт. т. 1: N. Kislenko et autres | ||
| 309 | _aОтпеч. множит. аппаратом | ||
| 513 | 1 |
_aРемонт грузовых автомобилей ЗИЛ _zrus |
|
| 620 | _aМосква | ||
| 686 |
_aТ22-1750 _2rubbk |
||
| 686 |
_a[О335.4-083] _2rubbk |
||
| 700 | 1 |
_9z01790 _aKislenko _bN. T. _gNikolaj Trofimovič |
|
| 701 | 1 |
_9z02790 _aZjabkin _bI. V. _gIvan Vasil'evič |
|
| 701 | 1 |
_9z03790 _aZablockij _bV. T. _gValentin Titovič |
|
| 790 | 1 |
_9z01700 _aKislenko _bN. _4070 |
|
| 790 | 1 |
_9z02701 _aZiabkine _bI. _4070 |
|
| 790 | 1 |
_9z03701 _aZablotski _bV. _4070 |
|
| 801 | 1 |
_aRU _bNLR _c20121206 |
|
| 801 | 0 |
_aRU _bINFOCOMM _gPSBO |
|
| 852 |
_aNLR _jТ87 Г-3/104 |
||
| 942 | _cBOOK | ||